[Event "Leutersdorf Sparkasse op 11th"]
[Site "Leutersdorf"]
[Date "2007.02.18"]
[Round "7"]
[White "Muenchhalfen, Harald"]
[Black "Baier, David"]
[Result "1/2-1/2"]
[WhiteElo "1369"]
[BlackElo "1103"]
[PlyCount "29"]
[EventDate "2007.02.16"]
[EventType "swiss"]
[EventRounds "7"]
[EventCountry "GER"]
[SourceTitle "CBM 117 Extra"]
[Source "ChessBase"]
[SourceDate "2007.05.09"]
[SourceVersion "1"]
[SourceVersionDate "2007.05.09"]
[SourceQuality "1"]

1. d4 d5 2. Nf3 Nc6 3. e3 Bf5 4. c4 e6 5. cxd5 exd5 6. a3 Nf6 7. Nc3 Bd6 8. Bd3 Qd7 9. 0-0 0-0 10. Qc2 Bxd3 11. Qxd3 Rfe8 12. b4 Re7 13. Nb5 Ne4 14. Nxd6 Qxd6 15. Bd2 1/2-1/2

[Event "Leutersdorf Sparkasse op 11th"]
[Site "Leutersdorf"]
[Date "2007.02.16"]
[Round "1"]
[White "Baier, David"]
[Black "Peter, Dirk"]
[Result "0-1"]
[WhiteElo "1103"]
[BlackElo "1723"]
[PlyCount "96"]
[EventDate "2007.02.16"]
[EventType "swiss"]
[EventRounds "7"]
[EventCountry "GER"]
[SourceTitle "CBM 117 Extra"]
[Source "ChessBase"]
[SourceDate "2007.05.09"]
[SourceVersion "1"]
[SourceVersionDate "2007.05.09"]
[SourceQuality "1"]

1. e4 c5 2. Nf3 Nc6 3. d4 cxd4 4. Nxd4 d6 5. Bc4 e6 6. Nc3 Nf6 7. f3 Qb6 8. Nxc6 bxc6 9. Qd3 d5 10. exd5 cxd5 11. Bb5+ Bd7 12. Be3 Bc5 13. Bxc5 Qxc5 14. Bxd7+ Nxd7 15. Rd1 0-0 16. a3 Ne5 17. Qd4 Qxd4 18. Rxd4 Nc4 19. b3 Nxa3 20. Kd2 Rfc8 21. Ra1 Rxc3 22. Rxa3 Rac8 23. Ra2 Kf8 24. Rda4 R8c7 25. Rxa7 Rxc2+ 26. Rxc2 Rxa7 27. Kc1 Ke7 28. Kb2 Kd6 29. b4 d4 30. Rc1 e5 31. Kb3 f5 32. b5 Kd5 33. Kb4 d3 34. Kb3 Kd4 35. Rc4+ Ke3 36. b6 Rb7 37. Rc6 e4 38. Kc3 d2 39. Kc2 Ke2 40. Rd6 e3 41. f4 Rxb6 42. Rxb6 d1Q+ 43. Kc3 Kf2 44. g4 e2 45. gxf5 e1Q+ 46. Kc4 Qe4+ 47. Kb5 Qdb1+ 48. Ka6 Qa8# 0-1

[Event "Leutersdorf Sparkasse op 10th"]
[Site "Leutersdorf"]
[Date "2006.02.17"]
[Round "1"]
[White "Kalbass, Rainer"]
[Black "Baier, David"]
[Result "1-0"]
[WhiteElo "1719"]
[BlackElo "1137"]
[PlyCount "94"]
[EventDate "2006.02.17"]
[EventType "swiss"]
[EventRounds "7"]
[EventCountry "GER"]
[SourceTitle "EXT 2007"]
[Source "ChessBase"]
[SourceDate "2006.11.23"]
[SourceVersion "1"]
[SourceVersionDate "2006.11.23"]
[SourceQuality "1"]

1. Nf3 d5 2. c4 e6 3. g3 f5 4. cxd5 exd5 5. Bg2 Nf6 6. 0-0 c6 7. b3 Be7 8. Bb2 0-0 9. d3 Be6 10. Nbd2 Nbd7 11. Ng5 Bf7 12. Nxf7 Rxf7 13. e3 Qc7 14. Nf3 Raf8 15. Ng5 Ne5 16. Ne6 Qd6 17. Nxf8 Kxf8 18. Qc2 g5 19. d4 Ng6 20. Qxf5 Ne4 21. Qc8+ Kg7 22. Bxe4 dxe4 23. d5+ Bf6 24. Bxf6+ Qxf6 25. dxc6 bxc6 26. Rad1 h5 27. Rd7 h4 28. Rxf7+ Qxf7 29. Qg4 Qf3 30. Qxf3 exf3 31. Rc1 Ne5 32. gxh4 g4 33. Rc5 Kf6 34. h5 Ke6 35. h6 Kd6 36. Rxe5 Kxe5 37. h7 a5 38. h8Q+ Ke4 39. Qc8 a4 40. Qxc6+ Kd3 41. bxa4 g3 42. hxg3 Kd2 43. Kf1 Kd3 44. a5 Kd2 45. a6 Kd3 46. a7 Kd2 47. a8R Kd1 1-0